Teoría de las estructuras

Bibliographic Details
Main Author: Timoshenko, S.P.
Format: Section = Libro
Language:Undetermined
Spanish
Published: Cuba Edición Revolucionaria 1972
Subjects:
LEADER 00468nam a2200169Ia 4500
008 240829s9999 xx 000 0 und d
040 |a BIBLIOTECA-RUPAP 624.17 T585 
041 |a spa 
082 |a 624.17 T585 
100 1 |a Timoshenko, S.P.  
245 1 0 |a Teoría de las estructuras 
260 |a Cuba  |b Edición Revolucionaria  |c 1972 
300 |a 598 p. :il. 
650 7 |a TEORIA ESTRUCTURAL. I. Young, D.H., coaut. II. Tít. 
942 |c BK  |2 ddc 
991 |a TEXTO 
999 |c 9492